The later prehistory of Anatolia : the late Chalcolithic and early Bronze Age /

Bibliographic Details
Main Author: Yakar, Jak
Format: Book
Language:English
Published: Oxford, England : B.A.R., 1985.
Series:BAR international series ; 268 (i-ii)
Subjects:

MARC

Tag First Indicator Second Indicator Subfields
LEADER 00000cam a2200000 a 4500
001 in00000014924
005 20151007052925.0
008 860324s1985 enka b 00110 eng
010 |a  86136039  
020 |a 0860543412 (pbk. : set) :  |c £24.00 
035 |a (OCoLC)12735926 
035 |9 AAA9728AM 
040 |a DLC  |c DLC  |d m/c  |d TXA  |d UtOrBLW 
043 |a a-tu--- 
049 |a TXAM  |d [  |v =pt.]  |v 1 [A11067486]  |v 2 [A11066846] 
050 0 0 |a GN778.32.T9  |b Y35 1985 
082 0 |a 956.1  |2 19 
100 1 |a Yakar, Jak. 
245 1 4 |a The later prehistory of Anatolia :  |b the late Chalcolithic and early Bronze Age /  |c Jak Yakar. 
264 1 |a Oxford, England :  |b B.A.R.,  |c 1985. 
300 |a 2 volumes (vii, 467 pages) :  |b illustrations ;  |c 30 cm. 
336 |a text  |b txt  |2 rdacontent 
337 |a unmediated  |b n  |2 rdamedia 
338 |a volume  |b nc  |2 rdacarrier 
490 1 |a BAR international series ;  |v 268 (i-ii) 
504 |a Bibliography: pages 438-463. 
500 |a Includes index. 
650 0 |a Bronze age  |z Turkey. 
650 0 |a Copper age  |z Turkey. 
651 0 |a Turkey  |x Antiquities. 
830 0 |a BAR international series ;  |v 268 (i-ii) 
999 |a MARS 
999 f f |s 424544f3-ffe8-3d26-9982-e7c17433b864  |i 78c25944-0178-362b-a39d-c1d706fa9bbe  |t 0 
952 f f |p ric  |a Texas A&M University  |b Rellis Campus  |c Joint Library Facility  |d Remote Storage  |t 0  |e GN778.32.T9 Y35 1985  |h Library of Congress classification  |i unmediated -- volume  |k pt.1  |m A14811067486 
952 f f |p ric  |a Texas A&M University  |b Rellis Campus  |c Joint Library Facility  |d Remote Storage  |t 0  |e GN778.32.T9 Y35 1985  |h Library of Congress classification  |i unmediated -- volume  |k pt.2  |m A14811066846 
998 f f |a GN778.32.T9 Y35 1985  |s pt.1-pt.2  |t 0  |l Remote Storage